Bệnh ấu trùng ong ở Việt Nam Mai Anh, Chu Văn Đang

Сохранить в:
Библиографические подробности
Главный автор: Mai Anh
Другие авторы: Chu Văn Đang
Формат:
Опубликовано: H. Nông nghiệp. 1984.
Предметы:
Метки: Добавить метку
Нет меток, Требуется 1-ая метка записи!
Thư viện lưu trữ: Trung tâm Học liệu Lê Vũ Hùng, Trường Đại học Đồng Tháp
LEADER 00720pam a22002178a 4500
001 00015966
005 20171026081022.0
008 110401s1984 ||||||Viesd
041 0 # |a Vie 
082 1 4 |a 638.095 97  |b B256TH 
100 0 # |a Mai Anh 
245 0 0 |a Bệnh ấu trùng ong ở Việt Nam  |b Mai Anh, Chu Văn Đang 
260 # # |a H.  |b Nông nghiệp.  |c 1984. 
300 # # |a 64 tr.  |b Ảnh trắng đen.  |c 19 cm. 
650 # 4 |a Thối ấu trùng 
653 # # |a Bệnh thối ấu trùng  |a Ong 
700 0 # |a Chu Văn Đang 
852 # # |b Kho đọc  |j KD.0001472 
852 # # |j KD.0001472 
910 |d 01/04/2011 
980 # # |a Trung tâm Học liệu Lê Vũ Hùng, Trường Đại học Đồng Tháp